• 首页
  • 本馆介绍
  • 公告通知
  • 最新文献
  • 馆藏检索
  • 电子资源
  • 读者导购
  • 参考咨询
  • 我的图书馆
  • 登录
  • 详细信息显示
  • 放入我的书架
  • 预约/预借图书
  • 作者相关作品
  • 分类相关作品
  • 丛书相关作品
  • 出版社相关作品

书目信息

  • 表格格式
  • 工作单格式
  • 卡片格式
题名:
创新书
    
 
作者: 麦克奥 著 ;王毅 , 谢真臻 译
分册:  
出版信息: 北京   电子工业出版社  2017
页数: 36,261页
开本: 24cm
丛书名:
单 册:
中图分类: F273.1
科图分类:
主题词: 企业创新--研究
电子资源:
ISBN: 978-7-121-30418-7
000 01254nam0 2200289 450
001 012001000027
005 20140920091301.0
010    @a978-7-121-30418-7@dCNY49.80
100    @a20170215d2017 em y0chiy50 ea
101 1  @achi@ceng
102    @aCN@b110000
105    @aa z 000yy
106    @ar
200 1  @a创新书@9Chuang Xin Shu@e一个伟大的想法从来都不完美@dThe innovation book@ehow to manage ideas and execution for outstanding results@f(英)麦克斯·麦克奥(Max Mckeown)著@g王毅, 谢真臻译@zeng
210    @a北京@c电子工业出版社@d2017
215    @a36,261页@c图@d24cm
305    @a由Pearson Education培生教育出版亚洲有限公司授权出版
330    @a本书主要回答了如何能够更富有创造力地思考,如何领导、管理创造性人才,如何运用创新型工具来取得最佳成绩,如何以创新来吸引大众,如何避开陷阱与解决问题等。
510 1  @aInnovation book@ehow to manage ideas and execution for outstanding results@zeng
517 1  @a一个伟大的想法从来都不完美@9Yi Ge Wei Da De Xiang Fa Cong Lai Dou Bu Wan Mei
606 0  @a企业创新@x研究
690    @aF273.1@v5
701  1 @c(英)@a麦克奥@9Mai Ke Ao@g(Mckeown, Max)@4著
702  0 @a王毅@9Wang Yi@4译
702  0 @a谢真臻@9Xie Zhen Zhen@4译
801  0 @aCN@b上海新华@c20180901
905    @b1040125-29@dF273.1@e1480@f5
    
    创新书:一个伟大的想法从来都不完美=The innovation book:how to manage ideas and execution for outstanding results/(英)麦克斯·麦克奥(Max Mckeown)著/王毅, 谢真臻译.-北京:电子工业出版社,2017
    36,261页:图;24cm
    
    
    ISBN 978-7-121-30418-7:CNY49.80
    本书主要回答了如何能够更富有创造力地思考,如何领导、管理创造性人才,如何运用创新型工具来取得最佳成绩,如何以创新来吸引大众,如何避开陷阱与解决问题等。
●
相关链接 在E读中查询图书 在五车中查询图书 在当当中查询图书 在豆瓣中查询图书


正题名:创新书     索取号:F273.1/1480         预约/预借

序号 登录号 条形码 馆藏地/架位号 状态 备注
1 1040125   210401251   第一样本阅览室/ [索取号:F273.1/1480] 在馆    
2 1040126   210401260   密集书库-海洋学院/ [索取号:F273.1/1480] 在馆    
3 1040127   210401279   第一借阅区/ [索取号:F273.1/1480] 在馆    
4 1040128   210401288   第一借阅区/ [索取号:F273.1/1480] 在馆    
5 1040129   210401297   第一借阅区/ [索取号:F273.1/1480] 在馆    
唐山师范学院图书馆 欢迎您!
大连网信软件有限公司© 版权所有